Grand cru Champagne - Statistiques

Statistiques générales
  • Ce quiz a été pris 2 fois
  • Le résultat moyen est 6 sur 9
Statistiques - réponses
Montagne de Reims Vallée de la Marne Côte des Blancs % Correct
Mailly-Champagne Oger
100%
Sillery
100%
Verzenay
100%
Beaumont-sur-Vesle Avenay-Val-d'or Chouilly
50%
Bouzy Cramant
50%
Louvois Le Mesnil-sur-Oger
50%
Puisieulx Oiry
50%
Tours-sur-Marne
50%
Ambonnay Aÿ Avize
0%
Aucun quiz correspondant
Distribution des résultats
% des personnes avec chaque résultat
Percentile par nombre de réponses
Votre historique - résultats
Vous n’avez pas pris ce quiz